00658nam a2200229Ia 4500003000400000005001700004008004100021020001500062040001800077041000800095082002000103100002200123245009500145250001200240260003000252300002600282650002500308650002500333650002700358700002300385700002000408OSt20220208152027.0210716s1989 xx 000 0 und d a0072977353 cAIMIT LIBRARY aeng a657.4828bBAKR aBaker, Richard E. aAdvanced financial accounting /cBy Richard E. Baker, Valdean C. Lembke and Thomas E. King a6th ed. aUSA bMc Graw Hillc2005. axxvi, 1142p ;c28 cm. aFinancial Accounting aFinancial statements aInventory Transactions aLembke, Valdean E. aKing, Thomas E.